000 00437cam a2200193u 4500
001 6390708
005 20171222074259.0
008 810304s1925 nyu 000 0 eng
010 _a 25004755
040 _aDLC
_cCarP
_dDLC
041 _aeng
080 _a591 WIN
082 _a591 WIN
100 1 _a7
101 _aZOO
245 1 0 _aAnimal breeding,
906 _a0
_bcbc
_cpremunv
_du
_encip
_f19
_gy-gencatlg
942 _2ddc
_cBK
999 _c39343
_d39343